02069nam a2200265Ia 4500001000600000003000900006008004100015040001300056040001300069041001300082100002400095100002900119240002400148240003500172245003100207245003100238250001100269260001100280260001300291260004900304300005700353500131900410650004301729650003101772A4183IT-RoPAU130308s9999 xx 000 0 und d aIT-RoPAU cIT-RoPAU aITALIANO aWurman Richard Saul gCodice Aut. SPICS: 35276 aINFORMATION ANXIETY gCodice Tit. Orig. Spics: T2375 aAnsia da informazione (L') bAnsia da Informazione (L') a1a ed. aMILANO bLeonardo c1991 [1° Ed.:1991 - Ed.Ling.Originale:1989] a"470 p. (prefazione: no ; testo: 470 [pagine: 0-0])" aEsplosione della Non Informazione. Piu' Dati Non Corrispondono a maggiore Informazione. Informazione Cio' che riduce L'Incertezza che è all'origine dell'Ansia. Frustrazione o Ansia da Informazione Quando sappiamo Cosa ci Serve Ma Non sappiamo Come Ottenerlo. Accesso all'informazione Antidoto All'Ansia. business della Comprensione. Conversazione e L'Arte di Ascoltare. Equivocità della Comunicazione. Linguaggio Verbale. Linguaggio dei Segni. Scrittura. imparare significa Ricordare Quello che ci Interessa. Distinzione tra interessi e Obblighi. istruzione e Apprendimento. Vedere Ascoltare Esprimersi. imparare è Fare Collegamenti. Modelli Motivanti. temi e Variazioni.Corretta gestione dei Propri Errori Alimenta Il Successo. siamo Cio' che Leggiamo. Dieta Ipocalorica per una Giusta Informazione. informazioni dei Notiziari. Informazione Culturale. informazioni da Consultare: Mappa o Capacità Umana di Percepire. Tecnomania: Informazione Come Bene di Consumo. Informazione Come Prodotto. potenziale del Profitto. Vulnerabilità dell'Informazione. Prescrizioni contro L'Ansia. Meno, Meno, Meno. troppa Informazione troppo poco Tempo. Capacità Comunicative. Materiali di Consultazione. Abitudini dei Media. Inventario del Coinvolgimento dell'Informazione. Bibliografia. Introduzione di John Naisbitt. aSOCIOLOGIA DELLA COMUNICAZIONE SOCIALE eCodice materia Spics: 3806